Viac víťazov ako porazených

Informácie zo správy Svetovej banky Cesta k spravodlivému rastu v Slovenskej republike. Dopady reforiem z roku 2002 na hospodársky rast, mieru nezamestnanosti, regionálne rozdiely. Nízka kvalifikovanosť pracovnej sily. Regionálne rozdiely v miere nezamestnanosti vo vybraných európskych krajinách.

Guardado en:
Detalles Bibliográficos
Autor principal: Majchrák, Jozef
Formato: Capítulo de libro
Lenguaje:eslovaco
Materias:
Etiquetas: Agregar Etiqueta
Sin Etiquetas, Sea el primero en etiquetar este registro!

MARC

LEADER 00000naa$a2200000$$$4500
001 0034797
005 20231004130718.2
041 0 |a slo 
044 |a SK 
245 1 0 |a Viac víťazov ako porazených  |c Jozef Majchrák 
520 |a Informácie zo správy Svetovej banky Cesta k spravodlivému rastu v Slovenskej republike. Dopady reforiem z roku 2002 na hospodársky rast, mieru nezamestnanosti, regionálne rozdiely. Nízka kvalifikovanosť pracovnej sily. Regionálne rozdiely v miere nezamestnanosti vo vybraných európskych krajinách. 
610 2 0 |a Svetová banka 
610 2 0 |a Slovensko 
610 2 0 |a reformy sociálne 
610 2 0 |a regióny 
610 2 0 |a nezamestnanosť 
610 2 0 |a kvalifikácia 
610 2 0 |a rast hospodársky 
100 1 |a Majchrák, Jozef